El gato tuerto y otras historias (Registro nro. 1557)

Detalles MARC
000 -CABECERA
Longitud fija campo de control 00811nam a2200265Ia 4500
005 - • FECHA Y HORA DE LA ÚLTIMA TRANSACCIÓN
Fecha y hora de la última transacción 20220316235621.0
008 - • CÓDIGOS DE INFORMACIÓN DE LONGITUD FIJA
Códigos de información de longitud fija 121119s2003 ck a gr 000 j spa
020 ## - • NÚMERO INTERNACIONAL NORMALIZADO PARA LIBROS
Número Internacional Normalizado para Libros (ISBN) 9583011371
041 0# - • CÓDIGO DE LENGUA
Código de lengua del texto/banda sonora o título independiente spa
040 ## - FUENTE DE LA CATALOGACIÓN
Centro catalogador de origen CO-BoRNBP
Lengua de catalogación spa
Normas de descripción rda
Centro transcriptor CO-BoRNBP
084 ## - • Clasificación Local Alfanúmerica PNLB
Número de clasificación C SAM3
100 1# - • PUNTO DE ACCESO PRINCIPAL-NOMBRE DE PERSONA
Nombre de persona Samper, Verónica
245 13 - • TITULO PROPIAMENTE DICHO
Título El gato tuerto y otras historias
Mención de responsabilidad, etc. Verónica Samper
250 ## - • MENCIÓN DE EDICIÓN
Mención de edición Primera edición
264 ## - PRODUCCIÓN, PUBLICACIÓN , DISTRIBUCIÓN, FABRICACIÓN Y COPYRIGHT
Lugar de producción, publicación, distribución, fabricación Bogotá
Nombre del productor, editor, distribuidor, fabricante Panamericana
Fecha de de producción, publicación, distribución, fabricación o copyright 2003
300 ## - • DESCRIPCIÓN FÍSICA
Extensión 84 páginas
Otras características físicas ilustraciones
Dimensiones 21 cm
336 ## - TIPO DE CONTENIDO
Término de tipo de contenido texto
Código de tipo de contenido txt
Fuente rdacontent
337 ## - TIPO DE MEDIO
Nombre del tipo de medio sin mediación
Código del tipo de medio n
Fuente rdamedia
338 ## - TIPO DE SOPORTE
Nombre del tipo de soporte volumen
Código del tipo de soporte nc
Fuente rdacarrier
490 0# - • MENCIÓN DE SERIE
Mención de serie Corcel
650 14 - • PUNTO DE ACCESO ADICIONAL DE MATERIA - TÉRMINO DE MATERIA
Término de materia o nombre geográfico como elemento inicial Cuentos infantiles colombianos
Fuente del encabezamiento o término LEMB
650 14 - • PUNTO DE ACCESO ADICIONAL DE MATERIA - TÉRMINO DE MATERIA
Término de materia o nombre geográfico como elemento inicial Literatura infantil colombiana
Fuente del encabezamiento o término LEMB
650 14 - • PUNTO DE ACCESO ADICIONAL DE MATERIA - TÉRMINO DE MATERIA
Término de materia o nombre geográfico como elemento inicial Animales en la literatura
Fuente del encabezamiento o término LEMB
942 ## - ENTRADA DE ELEMENTOS AGREGADOS (KOHA)
Fuente de clasificaión o esquema
Koha [por defecto] tipo de item Libro Infantil
Existencias
Perdido Fuente de clasificación o esquema Estado Físico No para préstamo Forma de adquisición Localización permanente Localización actual Localización en estanterías Fecha adquisición Préstamos totales Signatura completa Código de barras Fecha última consulta Número de copia Fecha del precio de reemplazo Tipo de item de Koha
  Dewey Decimal Classification     Infantil Biblioteca Pública Dorado Biblioteca Pública Dorado Sala Infantil 03/07/2023   C SAM3 DOR02753 03/07/2023 Ej.1 03/07/2023 Libro Infantil
  Dewey Decimal Classification     Infantil Biblioteca Pública José Eustasio Rivera - San Martin Biblioteca Pública José Eustasio Rivera - San Martin Sala Infantil 09/29/2023   C SAM3 SM02582 09/29/2023 Ej.1 09/29/2023 Libro Infantil
  Dewey Decimal Classification     Infantil Biblioteca Pública Puerto López - Jorge Eliecer Gaitán Biblioteca Pública Puerto López - Jorge Eliecer Gaitán Sala Infantil 05/09/2025   C SAM3 PLZ00876 05/09/2025 Ej.1 05/09/2025 Libro Infantil
  Dewey Decimal Classification     Infantil Biblioteca Pública San Carlos de Guaroa - Eduardo Carranza Biblioteca Pública San Carlos de Guaroa - Eduardo Carranza Sala Infantil 06/08/2023   C SAM3 SG00544 06/08/2023 Ej.1 06/08/2023 Libro Infantil
  Dewey Decimal Classification     Infantil Biblioteca Pública El Castillo - Alfonso Meneses Biblioteca Pública El Castillo - Alfonso Meneses Sala Infantil 08/28/2023   C SAM3 EC00435 08/28/2023 Ej.1 08/28/2023 Libro Infantil
  Dewey Decimal Classification     Infantil Biblioteca Pública Mapiripan Biblioteca Pública Mapiripan Sala Infantil 01/24/2024   C SAM3 MAP00003477 01/24/2024 Ej.1 01/24/2024 Libro Infantil
  Dewey Decimal Classification       Biblioteca Pública Puerto Rico Biblioteca Pública Puerto Rico Sala Infantil 06/08/2023   C SAM3 EJ. 1 PR0000012145 06/08/2023 Ej.1 06/08/2023 Libro Infantil
  Dewey Decimal Classification       Biblioteca Pública Puerto Rico Biblioteca Pública Puerto Rico Sala Infantil 06/08/2023   C SAM3 EJ. 1 PR0000012146 06/08/2023 Ej.1 06/08/2023 Libro Infantil









Instituto Departamental de Cultura del Meta - Red Departamental de Bibliotecas Públicas del Meta.